000 01154nam0a2200337 4500
001 RU\NLR\bibl\1760156
005 20260405172627.0
010 _a978-5-699-48277-1
_95100
021 _aRU
_b2011-19381
_9159д/11
035 _a(NLR Aleph) 001750973
090 _a1518591
_c1518591
100 _a20110418d2011 |||y0rusy50 ca
101 0 _arus
102 _aRU
105 _ay |||||||||
200 1 _aДом у янтарной сосны
_e[роман]
_fНика Муратова
210 _aМосква
_cЭксмо
_d2011
215 _a346, [1] с.
_d17
225 1 _aMy Best
300 _aРанее роман выходил под назв. "Хвойный привкус счастья"
320 _aНа 2-й с. др. кн. авт.
451 0 _12001#$aХвойный привкус счастья
_tХвойный привкус счастья
686 _aШ6(2=Р)75-440.4
700 1 _4070
_8rus
_7ca
_aМуратова
_bН.
_gНика
_3RU\NLR\auth\7774116
_957044
801 0 _aRU
_bNLR
_c20110418
_gRCR
801 1 _aRU
_bNLR
_c20110418
942 _cBOOK
980 _aNB
980 _aNBR